[Fókuszban: a Trianoni békeszerződés 85. évfordulója]

Podrobná bibliografia
Médium: Článok
Jazyk:maďarčina
Fyzický popis:Mp.
Predmet:

MARC

LEADER 00000nab a2200000 a 4500
001 vtls008163182
003 SK-MaSNL
005 20260319070637.0
008 160405c20050604xo |||||| | 000 b|hun
015 |a SNBRB2005/06  |2 snkbucl 
038 |a SNKBUCL 
040 |a DSZK  |b slo  |c DSZK  |e AACR2 
041 0 |a hun 
044 |a xo  |c SK 
080 |a 94(4)  |x "1920"  |2 1997 
245 0 0 |a [Fókuszban: a Trianoni békeszerződés 85. évfordulója] 
300 |b Mp. 
630 0 7 |a Treaty of Peace between the Allied and Associated Powers and Hungary (1920 jún 4.)  |2 snkbucl  |9 189441 
773 0 |t Új szó  |g Évf. 58, sz. 129 (4.6.2005), o. 3 
852 |a SNK  |b KIS3GCP 
852 |a DSZK  |b KIS3GCP 
958 |a HU 
958 |a SK 
999 |c 1780773  |d 1782703